Statistics for Los Angeles Neighborhoods

Click here to take the quiz!

General Stats

  • This quiz has been taken 255 times
  • The average score is 5 of 18

Answer Stats

Hint Neighborhood % Correct
Muscle Beach, Street Performers, TouristsVenice
89%
Mansions, Ronald Reagan, The Fresh PrinceBel-Air
72%
Towers, Riots, Sanford and SonWatts
51%
Cal State, Earthquake, The ValleyNorthridge
46%
Hipsters, Coffee Shops, HillsSilver Lake
45%
LGBT, The Abbey, Permit Parking GaloreWest Hollywood
35%
Quintessentially “Westside”, Fire in 1961, O.J. SimpsonBrentwood
29%
Occidental College, 2 Freeway, Dave’s Chillin and GrillinEagle Rock
25%
Oldest neighborhood in LA, Man-made Lake, Short StopEcho Park
21%
Bilingual signs, Largest Neighborhood in LA, BBQKoreatown
20%
Roughly 95% Latino, American Me, Not East LABoyle Heights
16%
Macarthur Park, Salvadoran and Guatemalans, Dr. PachecoWestlake
11%
Shrine Auditorium, The Coliseum, USCUniversity Park
6%
Borders Griffith Park, Old Houses, CostcoAtwater Village
5%
More Mansions, Consul General Housing, RossmoreHancock Park
4%
Chicken Boy,110 Freeway, Donut FriendHighland Park
3%
.5 sq. mile, Quaint Old-town Street, Chipotle with a Parking LotLarchmont
1%
Golf Course, High Median Household Income, 118 FreewayPorter Ranch
1%

Score Distribution

Percentile by Number Answered

Percent of People with Each Score

Your Score History

You have not taken this quiz